Constitución Política de la República de Costa Rica: (17 de noviembre de 1949) /
Guardat en:
| Autor corporatiu: | |
|---|---|
| Format: | Llibre |
| Idioma: | Spanish |
| Publicat: |
San José, Costa Rica;
Imprenta Nacional:
1974
|
| Matèries: | |
| Etiquetes: |
Afegir etiqueta
Sense etiquetes, Sigues el primer a etiquetar aquest registre!
|
MARC
| LEADER | 00000nam a22000007a 4500 | ||
|---|---|---|---|
| 003 | cru IIS | ||
| 005 | 20230628062547.0 | ||
| 008 | 220401b |||||||| |||| 00| 0 spa d | ||
| 040 | |a CRAI-IIS |b spa |c CRAI-IIS | ||
| 090 | |a 04.03.01 CR8371c | ||
| 110 | 1 | |a Costa Rica. Asamblea Legislativa |9 10360 | |
| 245 | 1 | |a Constitución Política de la República de Costa Rica: |b (17 de noviembre de 1949) / |c Asamblea Legislativa de Costa Rica | |
| 260 | |a San José, Costa Rica; |b Imprenta Nacional: |c 1974 | ||
| 300 | |a 74 páginas | ||
| 500 | |a Colección Centroamérica | ||
| 610 | 1 | 0 | |a Costa Rica. Asamblea Legislativa |9 10360 |
| 650 | 0 | 7 | |0 TESAUROS |
| 942 | |2 z |c LI |h 04.03.01 |i CR8371c |6 040301_CR8371C | ||
| 999 | |c 44170 |d 44170 | ||
